| 000 | 00651nam a2200193 i 4500 | ||
|---|---|---|---|
| 001 | 142860 | ||
| 003 | ES-MaACL | ||
| 005 | 20230906200637.0 | ||
| 007 | t| | ||
| 008 | 071010s1962 sp ||||1| spa d | ||
| 080 | _a72(467.51 P.) | ||
| 100 | 1 |
_aVidal Isern, José. _9114494 |
|
| 245 | 1 | 0 |
_aMonumentos de Palma / _cJosé Vidal Isern ; fotos Jerónimo Juan Tous, Truyol, archivo "Semana Santa en Mallorca" y otros. |
| 260 |
_aPalma de Mallorca : _b[s.n.], _c1962 ( _fImp. Alfa) |
||
| 300 |
_a32 p. : _bil. ; _c22 cm. |
||
| 650 | 1 | 4 |
_aMonumentos- _zPalma de Mallorca. _915183 |
| 700 | 1 |
_aJuan Tous, Jerónimo. _967134 |
|
| 852 |
_aES-MaACL _j2029-F-23 |
||
| 999 |
_c142860 _d142860 |
||